000 00869nam a2200217Ia 4500
999 _c39919
_d39919
001 6524
003 GE_BSU
005 20191119101715.0
008 181216s1984||||ge |||||||||||||| ||geo||
040 _cGE_BSU
041 _ageo
080 _a82-93 ბ-73
100 _aბრეგვაძე, ლილი
_95416
245 _aბიჭები :
_bმოთხრობები /
_cლილი ბრეგვაძე ; რედ. ცისანა ჩხაიძე.
264 _aთბილისი :
_bნაკადული,
_c1984.
300 _a160 გვ. ;
_c20 სმ.
653 _aბიჭები
653 _aმოთხრობები საშ. სასკ. ასაკის ბავშვებისათვის
700 _aჩხაიძე, ცისანა
_eრედაქტორი
_94698
942 _cBK
_2udc